| 000 | 00980cam a22002653a 4500 | ||
|---|---|---|---|
| 999 |
_c161345 _d161345 |
||
| 005 | 20190808122906.0 | ||
| 010 | _a1819CHEN B-719049-9069 | ||
| 020 |
_a9789352750931 _c199.00 |
||
| 035 | _aB-719049-9069 | ||
| 035 | _aB-728550 | ||
| 037 | _bBharatiya Sahitya Bhavana | ||
| 082 | _aS | ||
| 100 | _aKrishna, K. | ||
| 245 |
_aNo touch / _cby K. Krishna ; illustrated by Ayeshe Sadr [and] Ishaan Dasgupta |
||
| 260 |
_aGurgaon _bScholastic India _c2017 |
||
| 270 |
_aA-27, Ground Floor, Sigma Centre, Infocity-I, Sector-34 _bGurgaon _e122001 |
||
| 300 |
_aunpaged : _c24cm(Hb) _bcol. ill. |
||
| 490 | _aThe watch out! series | ||
| 500 | _aAirport | ||
| 700 | _aSadr, Ayeshe | ||
| 700 | _aDasgupta, Ishaan | ||
| 942 |
_2ddc _cCH _hS _mKRI |
||